00783nam a2200205 a 450000100100000000500170001000800410002704000250006808200160009310000230010924501560013226000400028830000330032849000200036150400710038150000380045270000350049070000320052583000200055700002395220200930022609.0110117s1962 sp c r 001 0 spa d aDO-SdBNPbspacBNPHU axxxxbS558a1 aShirer, William L.10aAuge y caída del tercer Reich :buna historia de la alemania nazi /cWilliam L. Shirer ; traducción Jesús López Pacheco , Mariano Orta Manzano. aBarcelona :bLuis de Caralt,c1962. a702 p. :bretrs. ;c22.5 cm.1 aLa vida vivida. aIncluye referencias biográficas y notas al pie de las páginas. aIncluye índice de ilustraciones1 aLópez Pacheco, jesús,etr.1 aOrta Manzano, Mariano,etr. 0aLa vida vivida.